000 00645nam a2200181Ia 4500
008 090123s9999 xx 000 0 und d
082 _b15076
100 _aअष्टीकर मंदाकिनी
245 _aप्रियाविण उदास वाटे
250 _a1
260 _bप्रिया प्रकाशन
300 _a184
600 _aअष्टीकर मंदाकिनी
630 _aप्रियाविण उदास वाटे
700 _aअष्टीकर मंदाकिनी
730 _aप्रियाविण उदास वाटे
942 _cBOOK
999 _c53137
_d53137